Water for food water for life: a comprehensive assessment of water management in agriculture (Record no. 78404)

MARC details
000 -LEADER
fixed length control field 00719nam a2200181 a 4500
008 - FIXED-LENGTH DATA ELEMENTS--GENERAL INFORMATION
fixed length control field 100119s2007 ||||||||||||||||| || u
020 ## - INTERNATIONAL STANDARD BOOK NUMBER
International Standard Book Number 9781844073962
050 ## - LIBRARY OF CONGRESS CALL NUMBER
Classification number S 494.5.W3 Wat
100 ## - MAIN ENTRY--PERSONAL NAME
Personal name Molden, David
245 10 - TITLE STATEMENT
Title Water for food water for life: a comprehensive assessment of water management in agriculture
Statement of responsibility, etc edited by David Molden
260 ## - PUBLICATION, DISTRIBUTION, ETC. (IMPRINT)
Place of publication, distribution, etc London
Name of publisher, distributor, etc Earthscan
Date of publication, distribution, etc 2007
300 ## - PHYSICAL DESCRIPTION
Extent xvii, 645p.: ill
350 ## -
-- 0.00
650 ## - SUBJECT ADDED ENTRY--TOPICAL TERM
Topical term or geographic name as entry element WATER
650 ## - SUBJECT ADDED ENTRY--TOPICAL TERM
Topical term or geographic name as entry element WATER IN AGRICULTURE
650 ## - SUBJECT ADDED ENTRY--TOPICAL TERM
Topical term or geographic name as entry element WATER-SUPPLY, AGRICULTURAL--MANAGEMENT
995 ## - RECOMMENDATION 995 [LOCAL, UNIMARC FRANCE]
-- 0.00
-- CBU-MAIN LIBRARY (Kitwe)
-- 1
-- 0.00
-- 2
-- AVAILABLE
-- Mar 10, 2010
-- Main Library Open Access Collection
Holdings
Withdrawn status Lost status Source of classification or shelving scheme Damaged status Not for loan Permanent Location Current Location Shelving location Date acquired Total Checkouts Full call number Barcode Date last seen Copy number Price effective from Koha item type
          CBU-MAIN LIBRARY, KITWE. CBU-MAIN LIBRARY, KITWE.   05/16/2023   S 494.5.W3 Wat 740578 05/16/2023 1 05/16/2023 MONOGRAPH